000
00350nam a2200157Ia 4500
008
230605s2004 xx 000 0 und d
041
_a
eng
100
_a
Anderws
245
_a
Hotel Front office
260
_b
Tata Mc Graw Hill pub.
_c
2004
_c
2004
300
_a
176
365
_b
100
_h
20
500
_a
142
520
_a
General
650
_a
F.O.
999
_c
417943
_d
417943